000 01217nam a2200217 a 4500
001 000047995
005 20240320074002.0
008 081212s1995 dr 001 0 spa d
040 _aDO-SdBNP
_bspa
_cBNPHU
082 _a282.7291
_bM475e
100 1 _aMaza Miquel, Manuel P.,
_cS.J.,
_d1945-
_9708
245 1 0 _aIglesia cuabana :
_bcinco siglos de desafíos y repuestas /
_cManuel Maza ; editor Rafael Bello Peguero.
260 _aSanto Domingo :
_bAmigo del Hogar,
_c1995.
300 _a55 p. ;
_c28 cm.
504 _aIncluye referencias bibliográficas y notas a pie de páginas
505 0 _tPresentación --
_tDesde la conquista hata el primer sínodo diocesano (1680) y la llegada del Obispo Compostela en 1687 --
_tDesde del el primer sínodo diocesano hasta la muerte del Obispo Espada en 1832 y las medidas anticlericales de los liberales (1830 y 1840 ) --
_tDesde la muerte de Espada (1832) a los inicios de la República-Protectorado (1902) --
_tEl catolicismo cubano durante la República --
_tLa iglesia y la revolución --
_tEpílogo.
590 _aInventariado, 2018/ VM
650 4 _aIglesia católica
_zCuba
_9709
651 4 _aCuba
_xHistoria
_9493
700 1 _aBello Peguero, Rafael,
_d1932-2022
_eed.
_92405
999 _c47483
_d47483